TV Characters at the Library Quiz Stats

 Plays Quiz Updated May 24, 2019

Score 0/25 Timer 06:00
2 Plays Today
% Correct
Friends
98%
The Simpsons
94.5%
South Park
94.5%
SpongeBob SquarePants
92.7%
The Big Bang Theory
92.3%
Family Guy
91.4%
Orange Is the New Black
90.8%
Sesame Street
90.2%
How I Met Your Mother
90%
Futurama
87.6%
Seinfeld
84%
Buffy the Vampire Slayer
80.6%
Stranger Things
76.8%
% Correct
King of the Hill
74.6%
Bob's Burgers
72.2%
Glee
70%
Adventure Time
65.8%
The Good Place
64.9%
Gilmore Girls
64.6%
Phineas and Ferb
63.5%
Dawson's Creek
59.7%
Supernatural
53.2%
Unbreakable Kimmy Schmidt
41.2%
The O.C.
39.2%
Gossip Girl
37.3%

You're not logged in!

Compare scores with friends on all Sporcle quizzes.
OR
Log In

Sporcle TV

Today on Sporcle TV


Watch our educational content, quiz creation guides, and fun videos on Sporcle TV.

Show Comments

Extras

Top Quizzes Today


Score Distribution

Your Account Isn't Verified!

In order to create a playlist on Sporcle, you need to verify the email address you used during registration. Go to your Sporcle Settings to finish the process.

Report this User

Report this user for behavior that violates our Community Guidelines.

Details: